| 000 | 00717nam a2200217Ia 4500 | ||
|---|---|---|---|
| 003 | GCL | ||
| 008 | 140319s9999 xx 000 0 ara d | ||
| 040 |
_aGCL / _cGCL |
||
| 082 | 0 | 4 |
_a301.1554 _bج ا |
| 100 | 1 | _aوليد عبد اللطيف هوانة | |
| 245 | 1 | 0 |
_aالاسراف مدخل علم السلوك التطبيقى لادارة الناس / _cوليد عبد اللطيف هوانة |
| 700 | 1 | _aجيرى ل.جراى | |
| 700 | 1 | _aحسين محمد على العلوى | |
| 260 |
_a[S.N] : _bمعهد الادارة العامة ، _c1988 |
||
| 300 | _a683 ص | ||
| 490 | _a | ||
| 650 | 0 | 4 | _aالادارة |
| 650 | 0 | 4 | _aادارة الافراد |
| 650 | 0 | 4 | _aالاشراف |
| 942 |
_2ddc _cBK |
||
| 999 |
_c52694 _d52694 |
||